Movies Quiz

Random Movies or Singers Quiz

Disney Villains by Song Lyrics Quiz Stats

Quiz Updated May 28, 2016

Challenge
Share
Tweet
Embed
Score 0/16 Timer 06:00
0 Plays Today
Lyrics Villain % Correct
His assets frozen, the venue chosen is the ends of the earth - whoopee! So long, ex-Prince Ali!Jafar (Aladdin)
87.6%
I know that your powers of retention are as wet as a warthog's backside, but thick as you are, pay attention! My words are a matter of pride.Scar (The Lion King)
85.3%
Every time she'd find a minute, that's the time that they begin it. Cinderelly, Cinderelly.Lady Tremaine and the Ugly Stepsisters (Cinderella)
83%
I admit that in the past I've been a nasty. They weren't kidding when they called me, well, a witch!Ursula (The Little Mermaid)
82.9%
...And now that I'm grown I eat five dozen eggs So I'm roughly the size of a barge!Gaston (Beauty and the Beast)
82.8%
Why, it's like money in the bank. C'mon, join up, and I'll be frank; unless you do, you'll walk the plank!Captain Hook (Peter Pan)
79.3%
He was as mean as he was ruthless, and that's the gospel truth.Hades (Hercules)
77.5%
She'd raise a fuss, and each of us would quickly lose his head!Queen of Hearts (Alice in Wonderland)
63.9%
Lyrics Villain % Correct
This vampire bat, this inhuman beast, she ought to be locked up and never released.Cruella De Vil (One Hundred and One Dalmatians)
55.9%
Trust in me, just in me. Shut your eyes and trust in me.Kaa (The Jungle Book)
49.1%
Beata Maria, you know I am a righteous man. Of my virtue I am justly proud.Claude Frollo (The Hunchback of Notre-Dame)
45.4%
Shove in a shovel, uncover those lovely pebbles that sparkle and shine. It's gold and it's mine, mine, mine.Governor Ratcliffe (Pocahontas)
40.4%
I got voodoo, I got hoodoo, I got things I ain't even tried! And I got friends on the other side.Doctor Facilier (The Princess and the Frog)
36.8%
Do you see that thing swimming 'round and 'round? Maybe we can reach on in and make it drown.Si & Am (Lady and the Tramp)
34.1%
He sits alone on a giant throne pretendin' he's the king. A little tyke who's rather like a puppet on a string.Prince John (Robin Hood)
28.2%
My earlier crimes were fine for their times, but now that I'm at it again, an even grimmer plot has been simmering, in my great criminal brain!Professor Ratigan (The Great Mouse Detective)
28%

You're not logged in!

Compare scores with friends on all Sporcle quizzes.
Join for Free
OR
Log In

You Might Also Like...

Show Comments

Extras

Top Quizzes Today


Score Distribution

Your Account Isn't Verified!

In order to create a playlist on Sporcle, you need to verify the email address you used during registration. Go to your Sporcle Settings to finish the process.

Report this User

Report this user for behavior that violates our Community Guidelines.

Details: